000 00492nam a2200193 a 4500
001 1760612383967
003 ACL
005 20251016163316.0
008 251016s2010##################000#0#eng##
020 _a9780230229532
082 0 4 _a658.4092
_bFUR
100 1 _aFurnham, Adrian,
_eauthor.
245 1 0 _aThe Elephant In the Boardroom :
260 _bPalgrave Macmillan,
_c2010.
300 _a256 pages
650 0 _aBusiness & Economics.
942 _cENGLISH
040 _aACL
_beng
_cACL
999 _c591980
_d591980